| 000 | 00649nam a22002171c 4500 | ||
|---|---|---|---|
| 001 | ht016238009 | ||
| 008 | 100608s2010 gw |||| 000u ger d | ||
| 020 |
_a9783837502 _9978-3-8375-02 |
||
| 041 | _ager | ||
| 100 | 1 | _aKurilo, Olga | |
| 245 | 0 | 4 |
_aDie Lebenswelt der Russlanddeutschen in den Zeiten des Umbruchs (1917-1990) : _bein Beitrag zu ihrer kulturellen Mobilität und zum Identitätswandel |
| 264 |
_aEssen : _bKlartext, _c2010 |
||
| 300 | _aca. 440 S. | ||
| 650 | 0 | _aRusslanddeutsche | |
| 650 | 0 | _aAlltag | |
| 650 | 0 | _aNationalitätenpolitik | |
| 650 | 0 | _aIdentität | |
| 942 | _cMG | ||
| 040 | _cRU-10907106 | ||
| 003 | RU-10907106 | ||
| 999 |
_c20299 _d20299 |
||